| 000 | 00788nam a2200181Ia 4500 | ||
|---|---|---|---|
| 008 | 151202s9999||||xx |||||||||||||| ||und|| | ||
| 082 | _bPNVM-80836 | ||
| 100 | _aअनु-भुर्के श्याम. | ||
| 245 | _aद माइंड जिम-व्यायामशाळा पण मनाची. | ||
| 260 | _b"मेहता पब्लिशिंग हाऊस,पूणे." | ||
| 260 | _c2011 | ||
| 300 | _a244 | ||
| 600 | _aअनु-भुर्के श्याम. | ||
| 630 | _aद माइंड जिम-व्यायामशाळा पण मनाची. | ||
| 700 | _aअनु-भुर्के श्याम. | ||
| 730 | _aद माइंड जिम-व्यायामशाळा पण मनाची. | ||
| 942 | _cBOOK | ||
| 999 |
_c1345444 _d1345441 |
||